00788cam a2200217 a 450000100070000000500170000700800410002402000340006502000350009904000180013408200210015210000220017324501180019526000440031330000180035765000170037585600660039294200060045895200930046499900130055772567820240221061420.0980326s1998 enk b 001 0 eng  a041506340X (hc. : alk. paper) a0415063418 (pbk. : alk. paper) aDLCcDLCdDLC00a320.54221bNAT.1 aSmith, Anthony D.10aNationalism and modernism :ba critical survey of recent theories of nations and nationalism /cAnthony D. Smith. aLondon ;aNew York :bRoutledge,c1998. axiv, 270 p. ; 0aNationalism.42uhttp://www.loc.gov/catdir/enhancements/fy0648/98018648-d.html cL 001040708LaWERCLbWERCLd2024-02-21l0o320.54 NAT.p2928r2024-02-21w2024-02-21yL c460d460